000 00400nam a22001697a 4500
003 MPLRDC
005 20220104143312.0
008 210129b ||||| |||| 00| 0 eng d
082 _a859.6 SJMJ-4 v.2
100 _a不详
245 _a残暴的国王
_c
260 _a
_b二友贸易公司
_c
300 _b
490 _a世界民间故事选集
650 _a
942 _cBK
_o859.6 SJMJ-4 v.2
999 _c38587
_d38577